Responses for Show #7267 - Tuesday, March 29, 2016

Contestants

[<< previous game]

Michelle Bulger Mabery, a management consultant from Atlanta, Georgia

Todd Giese, a hotel front desk manager from New Orleans, Louisiana

Erin Bowers, a patent examiner from Washington, D.C. (whose 1-day cash winnings total $30,001)

[next game >>]

Jeopardy! Round responses

STATE LANDMARKS
INVERTEBRATES
CLOTHES
I'M RETIRED
I RUN A LITTLE
"B" & "B"
    $200 26
Vermont

Erin
    $200 5
tentacles

Todd
    $200 10
epaulettes

Todd
    $200 20
Mandela

Erin
    $200 1
(Bruce) Jenner

Erin
    $200 14
the birds and the bees

Todd
    $400 27
(Michelle: What is Kentucky?)

Tennessee

ToddMichelle
    $400 6
(Todd: What are brine shrimp?)

worms

Todd
Triple Stumper
    $400 11
(Erin: What is evening?)

morning

ErinTodd
    $400 21
Fargo

Todd
    $400 2
Jamaica

Erin
    $400 15
black and blue

Michelle
    $600 28
South Carolina

Todd
    $600 7
slugs

Todd
    $600 12
lederhosen

Erin
    $600 22
the AARP

Erin
    $600 3
Marion Jones

Erin
    $600 16
bread and butter

Todd
    $800 29
Mississippi

Erin
    $1,200 8
the crawfish (or crayfish)

Todd
    $800 13
the A-line

Michelle
    $800 24
John Paul Stevens

Triple Stumper
    $800 4
the (Dallas) Cowboys

Todd
    $800 17
boom and bust

Erin
    $1000 30
Idaho

Triple Stumper
    $1000 9
monarchs

Erin
    $1000 23
Dr. Denton

Triple Stumper
    $1000 25
Carl Kasell

Erin
    $1000 19
Wilma Rudolph

Michelle
    $1000 18
belt and braces

Triple Stumper

Scores at the first commercial break (after clue 15):

Erin Todd Michelle
$2,400 $3,200 $1,200

Scores at the end of the Jeopardy! Round:

Erin Todd Michelle
$6,000 $5,200 $1,800

Double Jeopardy! Round responses

ITALIAN ART & ARTISTS
PIRATES
MASTER OF NONE
ANIMATED MOVIE SONGS
LANGUAGES OF AFRICA
LITERARY DEMISES
    $400 16
Titian

Erin
    $400 19
Captain Hook

Erin
    $400 15
blank check

Erin
    $400 1
Beauty and the Beast

Michelle
    $400 6
Egypt

Todd
    $400 9
Gollum

Michelle
    $800 17
St. Peter

Todd
    $800 27
Blackbeard

Erin
    $800 21
nada

Erin
    $800 2
Wall-E

Erin
    $800 7
Swahili

Todd
    $800 10
Crime and Punishment

Todd
    $1200 20
"The Last Supper"

Todd
    $1200 28
Jack Sparrow

Erin
    $1200 24
nil

Erin
    $1200 3
"Sugar, Sugar"

Michelle
    $1200 8
clicks

Michelle
    $1200 11
Old Yeller

Todd
    $1600 22
"La Primavera"

Triple Stumper
    $1600 29
sea dogs

Triple Stumper
    $1600 25
squat

Triple Stumper
    $1600 4
Corpse Bride

Michelle
    $1600 12
2000

Afrikaans

Michelle
    $1600 13
Humbert Humbert

Michelle
    $2000 23
Athens

Michelle
    $2000 30
the Barbary pirates

Michelle
    $5,000 26
(Alex: Erin? It's not coming?)
(Erin: It's not.)

null and void

Erin
    $2000 5
Brian Boitano

Todd
    $4,000 18
Portuguese

Todd
    $2000 14
Javert

Michelle

Scores at the end of the Double Jeopardy! Round:

Erin Todd Michelle
$7,000 $16,400 $15,800

[wagering suggestions for these scores]

Final Jeopardy! Round responses

STATE CAPITAL GEOGRAPHY
(Alex: I'm sure you quickly eliminated Atlanta and Austin. That left you with three that were in contention.)
...
(Alex: [After revealing Erin's response] The other far-north ones were Albany and Annapolis.)
ErinWhat is Augusta?
$1,000
MichelleWhat is Augusta?
$1,799
ToddWhat is Augusta?
$15,201
Augusta

Final scores:

Erin Todd Michelle
$8,000 $31,601 $17,599
3rd place: $1,000 New champion: $31,601 2nd place: $2,000

Game dynamics:

Coryat scores:

Erin Todd Michelle
$12,000 $14,000 $15,800
19 R,
2 W
(including 1 DD)
19 R
(including 2 DDs),
1 W
13 R,
1 W

Combined Coryat: $41,800

[game clues] [game scores] [suggest correction]

Game tape date: 2016-02-03
The J! Archive is created by fans, for fans. Scraping, republication, monetization, and malicious use prohibited; this site may use cookies and collect identifying information. See terms. The Jeopardy! game show and all elements thereof, including but not limited to copyright and trademark thereto, are the property of Jeopardy Productions, Inc. and are protected under law. This website is not affiliated with, sponsored by, or operated by Jeopardy Productions, Inc. Join the discussion at JBoard.tv.